Largest Turks and Caicos Islands (With a Map) - Statistics

General Stats
  • This quiz has been taken 133 times
  • The average score is 6 of 11
Answers on the Map
Answers color-coded by a green-red scale on the quiz's map according to % correct below.
 
Answer Stats
Area Islands % Correct
116 km2 North Caicos
78%
91 km2 East Caicos
75%
17 km2 Grand Turk
73%
28 km2 West Caicos
70%
144 km2 Middle Caicos
68%
21 km2 South Caicos
68%
122 km2 Providenciales
53%
4 km2 Parrot Cay
37%
7 km2 Salt Cay
33%
3 km2 Pine Cay
27%
5 km2 Big Ambergris Cay
17%
No matching quizzes found
Score Distribution
Percent of People with Each Score
Percentile by Number Answered
Your Score History
You have not taken this quiz